000 00771nam a2200265Ia 4500
003 OSt
005 20220924130814.0
006 a|||||r|||| 00| 0
007 ta
008 220923b |||||||| |||| 00| 0 urd d
020 _c250
024 _a252051
037 _cTextual
040 _aARTS
_cARTS
_burd
041 _2urd
_aurd
082 _aO152,3NRA,1, 168P3
100 _aRahi Masoom Raza Au.
_9200706
245 0 _aAdha gaon
_b Novel
260 _aU.P.
_bShri Ramanand Saraswati Pustakalaya India
_c2003
300 _a304p.
_ccm.
650 _aURDU FICTION
_93298
700 _a Jamshedpuri Aslam Tr.
_9200707
942 _hO152,3NRA,1, 168P3
_cTEXL
_2CC
999 _c425388
_d425388